Logo Biblioteca

Adiós a las armas / (Registro nro. 1009)

Detalles MARC
000 -LEADER
fixed length control field 01162nam a22002417a 4500
003 - CONTROL NUMBER IDENTIFIER
control field AR-RoUNCS
005 - DATE AND TIME OF LATEST TRANSACTION
control field 20260511152328.0
007 - PHYSICAL DESCRIPTION FIXED FIELD--GENERAL INFORMATION
fixed length control field ta
008 - FIXED-LENGTH DATA ELEMENTS--GENERAL INFORMATION
fixed length control field 260511s1980 sp |||||r|||| 00| 1 spa d
020 ## - INTERNATIONAL STANDARD BOOK NUMBER
International Standard Book Number 840206809X
040 ## - CATALOGING SOURCE
Original cataloging agency AR-RoUNCS
Language of cataloging spa
Transcribing agency AR-RoUNCS
041 1# - LANGUAGE CODE
Language code of text/sound track or separate title spa
Language code of original eng
100 1# - MAIN ENTRY--PERSONAL NAME
Personal name Hemingway, Ernest,
Dates associated with a name 1899-1961
Relator term autor
245 10 - TITLE STATEMENT
Title Adiós a las armas /
Statement of responsibility, etc. Ernest Hemingway.
250 ## - EDITION STATEMENT
Edition statement 1a ed.
260 ## - PUBLICATION, DISTRIBUTION, ETC.
Place of publication, distribution, etc. Barcelona :
Name of publisher, distributor, etc. Bruguera,
Date of publication, distribution, etc. 1980.
300 ## - PHYSICAL DESCRIPTION
Extent 315 p. ;
Dimensions 18 cm.
490 0# - SERIES STATEMENT
Series statement Colección de Literatura Universal Bruguera ;
Volume/sequential designation 6
520 ## - SUMMARY, ETC.
Summary, etc. Narra una historia de amor entre el soldado joven e idealista llamado Frederick Henry con la enfermera Catherine Barkley en la Italia de la Primera Guerra Mundial.<br/><br/>La novela es en su mayor parte autobiográfica. Ernest Hemingway realmente fue conductor de ambulancias voluntario en el ejército italiano, fue herido en las piernas y conoció a una enfermera con la que vivió una historia similar de amor. Esto le permitió usar sus recuerdos para crear un relato bélico crudo y realista.
650 #7 - SUBJECT ADDED ENTRY--TOPICAL TERM
Source of heading or term embne
Topical term or geographic name entry element Literatura norteamericana
655 #7 - INDEX TERM--GENRE/FORM
Source of term embne
Genre/form data or focus term Novelas
942 ## - ADDED ENTRY ELEMENTS (KOHA)
Source of classification or shelving scheme Universal Decimal Classification
Koha item type Obra General
Suppress in OPAC No
Existencias
Withdrawn status Lost status Source of classification or shelving scheme Damaged status Not for loan Collection Home library Current library Date acquired Source of acquisition Total checkouts Full call number Barcode Date last seen Price effective from Koha item type
    Universal Decimal Classification     Colección General Biblioteca Escuela de Ciencias Sociales Biblioteca Escuela de Ciencias Sociales 11/05/2026 Donación 2026   82-31(73) H488 000966 11/05/2026 11/05/2026 Obra General
Biblioteca de la Escuela Preuniversitaria en Ciencias Sociales y Humanísticas.
Riobamba 250 bis.
CP 2000 - Rosario - Santa Fe
E-Mail: biblioteca@esociales.unr.edu.ar